[Event "OLNO 2223 SK König Tegel II - SC Empor "]
[Site "?"]
[Date "2023.02.05"]
[Round "5.6"]
[White "Niehaus, Frank"]
[Black "Bachmann, Volker"]
[Result "1-0"]
[WhiteElo "2121"]
[BlackElo "2093"]
[PlyCount "73"]
[EventDate "2023.??.??"]

1. e4 e6 2. d4 d5 3. Nc3 Bb4 4. e5 c5 5. a3 Bxc3+ 6. bxc3 Ne7 7. Qg4 Qc7 8. Qxg7 Rg8 9. Qxh7 cxd4 10. Ne2 Nbc6 11. f4 dxc3 12. Qd3 Bd7 13. Qxc3 Nf5 14. Rb1 O-O-O 15. Rg1 d4 16. Qd3 a6 17. g4 Nh4 18. Rg3 Qa5+ 19. Bd2 Qd5 20. Qb3 Qxb3 21. Rbxb3 Be8 22. Nc1 Ne7 23. Bd3 Bc6 24. Kf2 Rh8 25. h3 Bd5 26. Rb1 Nc6 27. Nb3 b5 28. Nc5 Nb8 29. Ne4 Kd7 30. Nf6+ Kc6 31. Ba5 Rc8 32. a4 bxa4 33. Rb6+ Kc5 34. Nxd5 Kxd5 35. Rd6+ Kc5 36. Bb6+ Kb4 37. Rxd4+ 1-0

[Event "OLNO 2223 SK König Tegel II - SC Empor "]
[Site "?"]
[Date "2023.02.05"]
[Round "5.7"]
[White "Piersig, Hans-Juergen"]
[Black "Rath, Alina"]
[Result "1/2-1/2"]
[WhiteElo "2104"]
[BlackElo "2074"]
[PlyCount "33"]
[EventDate "2023.??.??"]

1. e4 c5 2. Nf3 Nc6 3. d4 cxd4 4. Nxd4 Nf6 5. Nc3 d6 6. Be2 e5 7. Nb3 Be7 8. O-O O-O 9. Be3 Be6 10. Qd2 d5 11. exd5 Nxd5 12. Nxd5 Bxd5 13. Rfd1 Be6 14. Nc5 Bxc5 15. Bxc5 Qxd2 16. Rxd2 Rfc8 17. a3 1/2-1/2

[Event "OLNO 2223 SK König Tegel II - SC Empor "]
[Site "?"]
[Date "2023.02.05"]
[Round "5.8"]
[White "Jahnz, Laurin"]
[Black "Puhlmann, Rainer"]
[Result "1/2-1/2"]
[WhiteElo "1745"]
[BlackElo "2093"]
[PlyCount "64"]
[EventDate "2023.??.??"]

1. d4 e6 2. Nf3 Nf6 3. g3 Be7 4. Bg2 O-O 5. c4 c5 6. O-O cxd4 7. Nxd4 Nc6 8. Nc3 d5 9. cxd5 exd5 10. b3 Qa5 11. Bb2 Rd8 12. e3 Bg4 13. Qd2 Rac8 14. h3 Bh5 15. Nxc6 bxc6 16. Ne4 Qxd2 17. Nxd2 Bb4 18. Nf3 Ne4 19. g4 Bg6 20. Ne5 f6 21. Nxg6 hxg6 22. Bxe4 dxe4 23. Rfd1 Bc5 24. Rac1 Rxd1+ 25. Rxd1 Rc7 26. Kf1 Kf7 27. Rc1 Bd6 28. Rc4 f5 29. g5 Ke6 30. Ke2 Kd5 31. Rd4+ Ke6 32. Rc4 Kd5 1/2-1/2

[Event "OLNO 2223 USC Viadrina Frankfurt/O - SC"]
[Site "?"]
[Date "2023.02.05"]
[Round "5.1"]
[White "Glek, Igor"]
[Black "Galazewski, Tomasz"]
[Result "1-0"]
[WhiteElo "2438"]
[BlackElo "2299"]
[PlyCount "95"]
[EventDate "2023.??.??"]

1. e4 d6 2. d4 e5 3. Nf3 Nd7 4. Bc4 c6 5. c3 b5 6. Bb3 Be7 7. O-O Ngf6 8. Re1 O-O 9. Nbd2 c5 10. Nf1 Bb7 11. Ng3 g6 12. d5 c4 13. Bc2 Nc5 14. b4 cxb3 15. axb3 a5 16. Bh6 Re8 17. b4 axb4 18. cxb4 Na6 19. Bd2 Bc8 20. Bd3 Qb6 21. Qe2 Bd7 22. Ra5 Reb8 23. Rea1 Bd8 24. R5a3 Qb7 25. Bc3 Nc7 26. Qb2 Rxa3 27. Rxa3 Ra8 28. Nd2 Rxa3 29. Qxa3 Nce8 30. Nb3 Bb6 31. Qb2 Nc7 32. h3 h5 33. Qc1 h4 34. Ne2 Qa7 35. Be1 Qa2 36. Qc2 Qa3 37. Nbc1 Qa7 38. Qa2 Qb7 39. Qd2 Kg7 40. Qg5 Ncxd5 41. exd5 Qxd5 42. Nc3 Qd4 43. Nxb5 Bxb5 44. Bxb5 Ne4 45. Qg4 f5 46. Qe2 Qa1 47. Qc2 d5 48. Bd3 1-0

[Event "OLNO 2223 USC Viadrina Frankfurt/O - SC"]
[Site "?"]
[Date "2023.02.05"]
[Round "5.2"]
[White "Lippert, Daniel"]
[Black "Strache, Michael"]
[Result "1/2-1/2"]
[WhiteElo "2049"]
[BlackElo "2290"]
[PlyCount "69"]
[EventDate "2023.??.??"]

1. e4 d6 2. d4 Nf6 3. Nc3 e5 4. Nf3 Nbd7 5. Rg1 g6 6. g4 Bg7 7. Be3 O-O 8. g5 Ne8 9. h4 c6 10. dxe5 dxe5 11. h5 Qe7 12. hxg6 hxg6 13. Nd2 Nc7 14. Qg4 Ne6 15. O-O-O b5 16. Qh4 a6 17. Nf3 Nf4 18. Nxe5 Nxe5 19. Qxf4 Rd8 20. Be2 Be6 21. Bb6 Rxd1+ 22. Rxd1 Bc4 23. Bxc4 Nxc4 24. Qc7 Qb4 25. Rd8+ Rxd8 26. Qxd8+ Kh7 27. Bd4 Qxb2+ 28. Kd1 Qb4 29. Bxg7 Kxg7 30. Qf6+ Kg8 31. Qd8+ Kh7 32. Qf6 Kg8 33. Qd8+ Kh7 34. Qf6 Kg8 35. Qd8+ 1/2-1/2

[Event "OLNO 2223 USC Viadrina Frankfurt/O - SC"]
[Site "?"]
[Date "2023.02.05"]
[Round "5.3"]
[White "Maetzkow, Maximilian Paul"]
[Black "Woithe, Daniel"]
[Result "0-1"]
[WhiteElo "2259"]
[BlackElo "2041"]
[PlyCount "120"]
[EventDate "2023.??.??"]

1. Nf3 d5 2. e3 Nf6 3. c4 c6 4. Nc3 a6 5. b3 Bf5 6. Bb2 h6 7. Be2 e6 8. O-O Bd6 9. d3 O-O 10. Re1 Nbd7 11. e4 Bh7 12. Bf1 dxe4 13. dxe4 Qc7 14. g3 Rad8 15. Bg2 Ne5 16. Qe2 Nxf3+ 17. Bxf3 Be5 18. Bg2 Rd7 19. f4 Bd4+ 20. Kh1 e5 21. f5 Rfd8 22. b4 Bc5 23. bxc5 Rd2 24. Qf3 Rxb2 25. Rad1 Rdd2 26. Rxd2 Rxd2 27. Qe3 Rd4 28. Bf1 Qa5 29. Rb1 g6 30. Rxb7 Kg7 31. Rb3 Qxc5 32. Ne2 gxf5 33. exf5 Rxc4 34. Qxc5 Rxc5 35. g4 Rc2 36. h3 Rxa2 37. Rc3 Ne8 38. Rxc6 Bg8 39. Kg1 a5 40. Nc1 Ra3 41. Bd3 Nf6 42. Kh2 e4 43. Bc4 Rc3 44. Ne2 Rc2 45. Kg3 a4 46. h4 a3 47. g5 hxg5 48. hxg5 Nd5 49. f6+ Kh7 50. Nd4 Rc3+ 51. Kh4 Ne3 52. Bxf7 Rxc6 53. g6+ Kh8 54. g7+ Kh7 55. Bxg8+ Kxg8 56. Nxc6 Nf5+ 57. Kg5 Nxg7 58. Kg6 Ne6 59. Kf5 a2 60. Kxe6 a1=Q 0-1

[Event "OLNO 2223 USC Viadrina Frankfurt/O - SC"]
[Site "?"]
[Date "2023.02.05"]
[Round "5.4"]
[White "Noack, Thomas"]
[Black "Glienke, Manfred"]
[Result "0-1"]
[WhiteElo "1991"]
[BlackElo "2205"]
[PlyCount "70"]
[EventDate "2023.??.??"]

1. e4 c5 2. Nc3 Nc6 3. Bb5 e6 4. Bxc6 bxc6 5. f4 d5 6. Nf3 Nf6 7. d3 Be7 8. O-O c4 9. Kh1 cxd3 10. cxd3 O-O 11. Ne5 Bb7 12. Qa4 Qb6 13. b3 Qb4 14. Bd2 Qxa4 15. bxa4 Rfc8 16. Rfc1 Bd6 17. Nf3 Ba3 18. Rcb1 Ba6 19. Rb3 Bc5 20. exd5 exd5 21. Ne5 Bd4 22. Re1 Bb6 23. Ne2 c5 24. Rc1 c4 25. dxc4 dxc4 26. Rbb1 Ne4 27. Be1 f6 28. Nf3 Be3 29. Rc2 c3 30. Nc1 Bxf4 31. Rb4 f5 32. g4 Bd6 33. Rd4 Bc5 34. Rd7 fxg4 35. Ne5 Nf6 0-1

[Event "OLNO 2223 USC Viadrina Frankfurt/O - SC"]
[Site "?"]
[Date "2023.02.05"]
[Round "5.5"]
[White "Dathe, Frederick"]
[Black "Grabowski, Jan"]
[Result "0-1"]
[WhiteElo "2114"]
[BlackElo "1920"]
[PlyCount "81"]
[EventDate "2023.??.??"]

1. c4 e6 2. Nf3 b6 3. g3 Bb7 4. Bg2 f5 5. Nc3 Bb4 6. O-O Nf6 7. Qc2 O-O 8. d4 Bxc3 9. Qxc3 Ne4 10. Qc2 Nc6 11. Rd1 d5 12. Bf4 Rc8 13. cxd5 exd5 14. Rac1 Qe7 15. Qa4 Qe6 16. Rc2 a6 17. Rdc1 b5 18. Qb3 h6 19. e3 g5 20. Be5 g4 21. Rxc6 Bxc6 22. Ne1 Bb7 23. Nd3 c6 24. Qb4 Rf7 25. Qa5 Qe7 26. b4 Nd2 27. Qa3 Nc4 28. Qc3 Re8 29. Bf4 h5 30. Ne5 Rh7 31. Bf1 Nxe5 32. Bxe5 h4 33. Bd3 Rf8 34. Qc2 Qe6 35. Qc5 Re8 36. Ra1 hxg3 37. fxg3 Qh6 38. Qc2 Qxe3+ 39. Kh1 Qf3+ 40. Kg1 Qe3+ 41. Kh1 0-1

[Event "OLNO 2223 USC Viadrina Frankfurt/O - SC"]
[Site "?"]
[Date "2023.02.05"]
[Round "5.6"]
[White "Mueller, Thorsten"]
[Black "Moritz, Aron"]
[Result "0-1"]
[WhiteElo "1992"]
[BlackElo "2225"]
[PlyCount "54"]
[EventDate "2023.??.??"]

1. d4 Nf6 2. c4 e6 3. Nc3 Bb4 4. e3 O-O 5. Nge2 c6 6. a3 Ba5 7. Qc2 d5 8. Ng3 Nbd7 9. b4 Bc7 10. f4 a5 11. Rb1 axb4 12. axb4 Ng4 13. h3 Qh4 14. hxg4 Qxg3+ 15. Qf2 Bxf4 16. exf4 Qxc3+ 17. Bd2 Qc2 18. Rd1 dxc4 19. Be2 c3 20. Be3 Ra2 21. f5 exf5 22. gxf5 Nf6 23. g4 Re8 24. Rh2 Qe4 25. g5 Qxe3 26. gxf6 Rxe2+ 27. Qxe2 Qg1# 0-1

[Event "OLNO 2223 USC Viadrina Frankfurt/O - SC"]
[Site "?"]
[Date "2023.02.05"]
[Round "5.7"]
[White "Vogel, Constantin"]
[Black "Ketelhoehn, Bernd"]
[Result "1-0"]
[WhiteElo "2154"]
[BlackElo "1918"]
[PlyCount "57"]
[EventDate "2023.??.??"]

1. c4 e5 2. g3 Nc6 3. Bg2 d6 4. Nc3 g6 5. d3 Bg7 6. Rb1 a5 7. a3 Nge7 8. b4 axb4 9. axb4 O-O 10. b5 Nd4 11. e3 Ne6 12. Nge2 c6 13. O-O f5 14. d4 e4 15. f3 exf3 16. Bxf3 Ng5 17. Bg2 Be6 18. bxc6 bxc6 19. Qd3 d5 20. cxd5 Nxd5 21. Nf4 Nxf4 22. gxf4 Ne4 23. Nxe4 fxe4 24. Bxe4 Qh4 25. Bxc6 Qg4+ 26. Bg2 Rfc8 27. Qd1 Ra2 28. Qxg4 Bxg4 29. Bd5+ 1-0

[Event "OLNO 2223 SV Empor Berlin - Greifswalder"]
[Site "?"]
[Date "2023.02.05"]
[Round "5.1"]
[White "Stubbe, Wilko"]
[Black "Volke, Karsten"]
[Result "1/2-1/2"]
[WhiteElo "2195"]
[BlackElo "2443"]
[PlyCount "32"]
[EventDate "2023.??.??"]

1. Nf3 c5 2. g3 b5 3. Bg2 Bb7 4. O-O Nf6 5. d3 e6 6. a4 b4 7. Nbd2 d5 8. e4 Nc6 9. Re1 Be7 10. e5 Nd7 11. h4 Qc7 12. Qe2 Rc8 13. c4 Na5 14. b3 O-O 15. Rb1 Rcd8 16. Nf1 dxc4 1/2-1/2

[Event "OLNO 2223 SV Empor Berlin - Greifswalder"]
[Site "?"]
[Date "2023.02.05"]
[Round "5.2"]
[White "Foerster, Jonas"]
[Black "Teschke, Olaf"]
[Result "1-0"]
[WhiteElo "2288"]
[BlackElo "2208"]
[PlyCount "81"]
[EventDate "2023.??.??"]

1. Nf3 d5 2. e3 Nc6 3. Bb5 Bd7 4. O-O Nf6 5. b3 e6 6. Bb2 Bd6 7. d4 Qe7 8. Nbd2 Nb4 9. Bxd7+ Qxd7 10. Ne5 Bxe5 11. dxe5 Ne4 12. Nxe4 dxe4 13. Qg4 O-O-O 14. Qxe4 Qd2 15. Rac1 Rd7 16. h3 Rhd8 17. a3 Na2 18. Ra1 Nc3 19. Bxc3 Qxc3 20. Qxh7 g6 21. Rac1 Qxe5 22. Qh4 g5 23. Qg4 f5 24. Qxg5 Rg7 25. Qf4 Qd5 26. e4 fxe4 27. Rcd1 Qxd1 28. Rxd1 Rxd1+ 29. Kh2 Rgd7 30. Qxe4 R1d2 31. f3 c6 32. Qxe6 Rxc2 33. h4 b5 34. h5 Kc7 35. Kh3 Rd6 36. Qe3 Rdd2 37. Qxa7+ Kd6 38. Qg7 Rxg2 39. Qxg2 Rxg2 40. Kxg2 Ke5 41. Kf2 1-0

[Event "OLNO 2223 SV Empor Berlin - Greifswalder"]
[Site "?"]
[Date "2023.02.05"]
[Round "5.3"]
[White "Leisner, Hannes"]
[Black "Nitsche-Hahn, Raphael"]
[Result "1-0"]
[WhiteElo "2163"]
[BlackElo "2114"]
[PlyCount "65"]
[EventDate "2023.??.??"]

1. c4 c5 2. g3 g6 3. Bg2 Bg7 4. Nc3 Nf6 5. a3 O-O 6. b4 d6 7. Rb1 Nc6 8. bxc5 dxc5 9. Bxc6 bxc6 10. d3 Nd5 11. Ne4 Nc3 12. Nxc3 Bxc3+ 13. Bd2 Qa5 14. Rb3 Bxd2+ 15. Qxd2 Qa4 16. Qb2 Qa5+ 17. Qd2 Qa4 18. Qb2 Qa5+ 19. Kf1 Qc7 20. Kg2 e5 21. Nf3 f6 22. Qd2 Ba6 23. Qe3 Qd6 24. h4 Rae8 25. h5 g5 26. Nd2 f5 27. Qxg5+ Kh8 28. h6 Re7 29. Rhb1 Bc8 30. Rb8 Qe6 31. R1b7 Rxb7 32. Rxb7 Rg8 33. Rg7 1-0

[Event "OLNO 2223 SV Empor Berlin - Greifswalder"]
[Site "?"]
[Date "2023.02.05"]
[Round "5.4"]
[White "Jahn, Thomas"]
[Black "Stopsack, Malte"]
[Result "1-0"]
[WhiteElo "2139"]
[BlackElo "2189"]
[PlyCount "59"]
[EventDate "2023.??.??"]

1. e4 g6 2. d4 Bg7 3. Nc3 d6 4. Be3 a6 5. Qd2 b5 6. f3 Nd7 7. h4 h6 8. Nh3 Bb7 9. a4 b4 10. Nd1 c5 11. c3 bxc3 12. bxc3 e5 13. Bc4 Qxh4+ 14. Nhf2 Qe7 15. Rb1 Bc8 16. dxc5 dxc5 17. Nd3 Ngf6 18. g4 g5 19. Bf2 O-O 20. Ne3 Nh7 21. Nd5 Qd6 22. Qe3 Rb8 23. Rxb8 Qxb8 24. Kf1 Re8 25. Kg2 Nhf8 26. Nxc5 Nb6 27. Rb1 Nxc4 28. Rxb8 Nxe3+ 29. Bxe3 Nd7 30. Rxc8 1-0

[Event "OLNO 2223 SV Empor Berlin - Greifswalder"]
[Site "?"]
[Date "2023.02.05"]
[Round "5.5"]
[White "Woll, Wilfried"]
[Black "Meissner, Hans-Juergen"]
[Result "0-1"]
[WhiteElo "2008"]
[BlackElo "2190"]
[PlyCount "76"]
[EventDate "2023.??.??"]

1. c4 g6 2. g3 Bg7 3. Bg2 d6 4. Nc3 c5 5. d3 Nc6 6. Rb1 Qd7 7. a3 b6 8. e4 Bb7 9. Nge2 e6 10. Be3 Nd4 11. O-O Ne7 12. b4 O-O 13. Qd2 Rfe8 14. Nf4 Nec6 15. h3 Rad8 16. Kh2 Ba8 17. Rfc1 Ne5 18. Qd1 Rf8 19. b5 Qc7 20. a4 Bb7 21. Bxd4 cxd4 22. Na2 Nd7 23. Nb4 Nc5 24. Rb2 Ra8 25. Ra1 a5 26. Nc2 Rae8 27. Ne2 e5 28. Ne1 f5 29. f3 Rf7 30. h4 f4 31. gxf4 Qe7 32. f5 Qxh4+ 33. Bh3 gxf5 34. Ng3 fxe4 35. Ng2 Qh6 36. fxe4 Bc8 37. Nf5 Rxf5 38. exf5 Bxf5 0-1

[Event "OLNO 2223 SV Empor Berlin - Greifswalder"]
[Site "?"]
[Date "2023.02.05"]
[Round "5.6"]
[White "Dimitriadis, Pavlos"]
[Black "Kalhorn, Stefan"]
[Result "0-1"]
[WhiteElo "1987"]
[BlackElo "2113"]
[PlyCount "52"]
[EventDate "2023.??.??"]

1. e4 c6 2. d4 d5 3. exd5 cxd5 4. c4 Nf6 5. Nc3 Nc6 6. Bg5 dxc4 7. d5 Ne5 8. Qd4 Ng6 9. Bxc4 e5 10. Qd3 a6 11. a3 h6 12. Bxf6 Qxf6 13. Ne4 Qb6 14. Ne2 f5 15. N4g3 e4 16. Qd2 Ne5 17. Rc1 Bc5 18. Nf4 O-O 19. Qe2 Bd6 20. Qd2 Bd7 21. Ba2 Bb5 22. Ngh5 g5 23. Rc6 bxc6 24. dxc6+ Kh7 25. Qxd6 Qxc6 26. Qe7+ Rf7 0-1

[Event "OLNO 2223 SV Empor Berlin - Greifswalder"]
[Site "?"]
[Date "2023.02.05"]
[Round "5.7"]
[White "Lange, Jannis"]
[Black "Staerk, Elisa"]
[Result "1/2-1/2"]
[WhiteElo "2094"]
[BlackElo "1914"]
[PlyCount "115"]
[EventDate "2023.??.??"]

1. e4 c5 2. Nf3 d6 3. Bb5+ Bd7 4. Bxd7+ Qxd7 5. O-O Nf6 6. Re1 Nc6 7. c3 e6 8. d4 cxd4 9. cxd4 d5 10. e5 Ne4 11. Nbd2 Nxd2 12. Bxd2 Be7 13. Rc1 O-O 14. Rc3 Bb4 15. Rd3 Rac8 16. Ng5 Bxd2 17. Qxd2 h6 18. Nh3 Ne7 19. Nf4 Qc7 20. Qe2 Qc2 21. Rd2 Qc4 22. Qg4 Nf5 23. Nh5 Kh8 24. Qf4 Qb4 25. a3 Qe7 26. g4 Nh4 27. Qg3 Ng6 28. f4 Qh4 29. f5 exf5 30. gxf5 Qxh5 31. fxg6 fxg6 32. e6 g5 33. e7 Rf4 34. Rf2 Qf7 35. Rxf4 gxf4 36. e8=Q+ Rxe8 37. Rxe8+ Qxe8 38. Qxf4 Qe1+ 39. Kg2 Qe2+ 40. Kg3 Qd3+ 41. Kg4 Qg6+ 42. Kf3 Kh7 43. Qe5 Qf6+ 44. Ke3 Qxe5+ 45. dxe5 Kg6 46. Kd4 Kf7 47. Kxd5 Ke7 48. e6 g5 49. Ke5 h5 50. Kf5 g4 51. Kg5 Kxe6 52. Kxh5 Kf5 53. a4 a5 54. b3 b6 55. Kh6 Kf6 56. Kh5 Kf5 57. Kh6 Kf6 58. Kh5 1/2-1/2

[Event "OLNO 2223 SV Empor Berlin - Greifswalder"]
[Site "?"]
[Date "2023.02.05"]
[Round "5.8"]
[White "Freude, Max"]
[Black "Patzenhauer, Max"]
[Result "1/2-1/2"]
[WhiteElo "1873"]
[BlackElo "2004"]
[PlyCount "157"]
[EventDate "2023.??.??"]

1. e4 e6 2. d4 d5 3. Nd2 Nf6 4. e5 Nfd7 5. Bd3 c5 6. c3 Nc6 7. Ngf3 Qb6 8. O-O cxd4 9. cxd4 Nxd4 10. Nxd4 Qxd4 11. Nf3 Qb6 12. Qa4 Qb4 13. Qc2 Nc5 14. Bd2 Qa4 15. b3 Qd7 16. Be2 b6 17. Nd4 Ba6 18. Bxa6 Nxa6 19. Rac1 Ba3 20. Rcd1 Rc8 21. Qd3 Nc5 22. Qg3 g6 23. b4 Bb2 24. bxc5 Bxd4 25. cxb6 Bxb6 26. Bh6 Qa4 27. Qh3 Rg8 28. Rxd5 Qxa2 29. Rd2 Rc2 30. Rxc2 Qxc2 31. Qf3 g5 32. h4 Bd8 33. Qa8 gxh4 34. Rc1 Qa4 35. Rc8 Qd7 36. Be3 Qd5 37. Qxd5 exd5 38. Bxa7 Kd7 39. Rc5 Ke6 40. Rc8 Rf8 41. Bd4 Be7 42. Rc3 Kf5 43. f3 Bg5 44. Rc5 Rd8 45. Rc7 Ke6 46. Kf2 Rd7 47. Rc6+ Kf5 48. Ke2 h6 49. Kf2 Kf4 50. Rc5 Ra7 51. Be3+ Kxe5 52. Rxd5+ Kxd5 53. Bxa7 Bf4 54. Bb6 Ke6 55. Bd8 Bg5 56. Bc7 Kf5 57. Bd6 Bf4 58. Be7 f6 59. Bd8 Be5 60. Kg1 Bg3 61. Kh1 Ke5 62. Kg1 f5 63. Bc7+ Kd4 64. Bb6+ Kd3 65. Kf1 Bf4 66. Bd8 Bg5 67. Bb6 Bf6 68. Bc5 Kc4 69. Bb6 Kd5 70. Bc7 Be5 71. Bd8 Bg3 72. Bb6 Ke6 73. Bd8 h5 74. Bb6 Bd6 75. Bd8 Be7 76. Bc7 Kf6 77. Bf4 Bc5 78. Bc7 Bd4 79. Bd8+ 1/2-1/2

[Event "OLNO 2223 TSG Oberschöneweide - SC Rota"]
[Site "?"]
[Date "2023.02.05"]
[Round "5.1"]
[White "Neumeier, Lars"]
[Black "Rosenthal, Dirk"]
[Result "1/2-1/2"]
[WhiteElo "2289"]
[BlackElo "2376"]
[PlyCount "37"]
[EventDate "2023.??.??"]

1. d4 Nf6 2. Nf3 e6 3. c4 Bb4+ 4. Nbd2 d5 5. e3 O-O 6. a3 Be7 7. Bd3 c5 8. dxc5 a5 9. Rb1 Bxc5 10. b4 Be7 11. O-O b6 12. Bb2 Bb7 13. bxa5 Rxa5 14. Bd4 Nbd7 15. cxd5 exd5 16. a4 Bc6 17. Bb5 Bxb5 18. axb5 Ne8 19. Bc3 1/2-1/2

[Event "OLNO 2223 TSG Oberschöneweide - SC Rota"]
[Site "?"]
[Date "2023.02.05"]
[Round "5.3"]
[White "Seils, Joerg"]
[Black "Horn, Sven"]
[Result "1-0"]
[WhiteElo "2324"]
[BlackElo "2110"]
[PlyCount "55"]
[EventDate "2023.??.??"]

1. e4 e5 2. Nf3 Nf6 3. Nc3 Bb4 4. Nxe5 O-O 5. Nd3 Bxc3 6. dxc3 Nxe4 7. Be2 d5 8. O-O Nd7 9. f3 Nec5 10. Nxc5 Nxc5 11. Be3 Na4 12. Rb1 Be6 13. Qd2 Nb6 14. b3 Qe7 15. Rfe1 Rad8 16. a4 Rfe8 17. Bd3 c6 18. Qf2 Qc7 19. Qh4 f5 20. Bg5 Ra8 21. Rxe6 Rxe6 22. Bxf5 Rg6 23. Bxg6 hxg6 24. Re1 Qf7 25. Re7 Qf8 26. Qg4 Rb8 27. Qe6+ Kh8 28. Qxg6 1-0

[Event "OLNO 2223 TSG Oberschöneweide - SC Rota"]
[Site "?"]
[Date "2023.02.05"]
[Round "5.4"]
[White "Raitza, Olaf"]
[Black "Bruchmann, Stephan"]
[Result "1-0"]
[WhiteElo "2150"]
[BlackElo "2202"]
[PlyCount "35"]
[EventDate "2023.??.??"]

1. e4 g6 2. d4 Bg7 3. Nc3 d5 4. exd5 Nf6 5. Nf3 O-O 6. Be3 Nbd7 7. Qd2 Nb6 8. Bh6 Bxh6 9. Qxh6 Nbxd5 10. Bd3 c6 11. O-O Nxc3 12. bxc3 Qa5 13. Rae1 Qxc3 14. Rxe7 Bg4 15. Ng5 Rae8 16. Nxh7 Nxh7 17. Bxg6 Nf6 18. Bxf7+ 1-0

[Event "OLNO 2223 TSG Oberschöneweide - SC Rota"]
[Site "?"]
[Date "2023.02.05"]
[Round "5.5"]
[White "Mueller, Michael"]
[Black "Hommel, Niclas"]
[Result "1-0"]
[WhiteElo "2231"]
[BlackElo "2035"]
[PlyCount "63"]
[EventDate "2023.??.??"]

1. d4 Nf6 2. c4 g6 3. Nc3 d5 4. cxd5 Nxd5 5. e4 Nxc3 6. bxc3 Bg7 7. Bc4 c5 8. Be3 Nc6 9. Ne2 O-O 10. O-O Na5 11. Bd3 b6 12. dxc5 bxc5 13. Bxc5 Qc7 14. Bb4 Rd8 15. Qa4 Nc6 16. Rad1 Nxb4 17. cxb4 Be6 18. a3 Be5 19. h3 Qb6 20. Kh1 a5 21. b5 Rac8 22. f4 Qe3 23. Rf3 Rxd3 24. Rxe3 Rxe3 25. fxe5 Bb3 26. Qd4 Rxe2 27. Rd3 a4 28. b6 Rc1+ 29. Kh2 Rcc2 30. Rg3 Red2 31. Qb4 Rc8 32. Qxd2 1-0

[Event "OLNO 2223 TSG Oberschöneweide - SC Rota"]
[Site "?"]
[Date "2023.02.05"]
[Round "5.7"]
[White "Guth, Thomas"]
[Black "Boewer, Roland"]
[Result "1-0"]
[WhiteElo "2217"]
[BlackElo "2172"]
[PlyCount "77"]
[EventDate "2023.??.??"]

1. e4 c5 2. Nf3 d6 3. d4 cxd4 4. Nxd4 Nf6 5. Nc3 a6 6. Bg5 h6 7. Bxf6 gxf6 8. Qh5 Nc6 9. Nxc6 bxc6 10. Bc4 e6 11. Rd1 Qb6 12. Bb3 Rg8 13. O-O Bd7 14. Kh1 Qc5 15. Qxc5 dxc5 16. Rd3 O-O-O 17. Bc4 a5 18. Nb1 Kc7 19. Rfd1 Be7 20. a4 Bc8 21. Na3 Rxd3 22. Rxd3 Rd8 23. Rxd8 Bxd8 24. f4 Kd6 25. g3 Ke7 26. Kg2 f5 27. exf5 exf5 28. Kf3 Be6 29. Bxe6 Kxe6 30. Ke3 Kd5 31. Kd3 Bf6 32. c3 Bd8 33. Nc4 Bc7 34. Ne3+ Ke6 35. Kc4 Bd6 36. Nc2 Be7 37. Ne1 Kd6 38. Nd3 Bd8 39. Ne5 1-0

[Event "OLNO 2223 TSG Oberschöneweide - SC Rota"]
[Site "?"]
[Date "2023.02.05"]
[Round "5.8"]
[White "Postler, Reinhard"]
[Black "Lisek, Juergen"]
[Result "1/2-1/2"]
[WhiteElo "2202"]
[BlackElo "2189"]
[PlyCount "57"]
[EventDate "2023.??.??"]

1. e4 c5 2. Nf3 d6 3. d4 cxd4 4. Nxd4 Nf6 5. Nc3 a6 6. Be3 Nc6 7. Be2 e6 8. f4 Be7 9. O-O O-O 10. Kh1 Qc7 11. Qe1 Nxd4 12. Bxd4 b5 13. a3 Bb7 14. Qg3 g6 15. Bd3 Nh5 16. Qe3 e5 17. fxe5 dxe5 18. Bb6 Qc8 19. Nd5 Bxd5 20. exd5 Bd6 21. a4 Qd7 22. c4 bxc4 23. Bxc4 Nf4 24. b3 Rfe8 25. Qd2 Qe7 26. Be3 Nh5 27. Be2 Nf4 28. Bc4 Nh5 29. Be2 1/2-1/2

[Event "OLNO 2223 SC Weisse Dame - SC Rotation P"]
[Site "?"]
[Date "2023.02.26"]
[Round "6.1"]
[White "Szelag, Marcin"]
[Black "Moeller, Hendrik"]
[Result "1-0"]
[WhiteElo "2394"]
[BlackElo "2282"]
[PlyCount "131"]
[EventDate "2023.??.??"]

1. e4 c6 2. d4 d5 3. Nc3 dxe4 4. Nxe4 Bf5 5. Ng3 Bg6 6. h4 h6 7. Nf3 Nd7 8. h5 Bh7 9. Bd3 Bxd3 10. Qxd3 e6 11. Bf4 Qa5+ 12. Bd2 Bb4 13. c3 Be7 14. c4 Qc7 15. O-O-O Ngf6 16. Rhe1 O-O 17. Nf5 Rfe8 18. Nxe7+ Rxe7 19. Nh4 Ree8 20. Qf3 c5 21. d5 exd5 22. cxd5 Ne5 23. Qg3 Nxh5 24. Qc3 c4 25. Kb1 Nd3 26. Rxe8+ Rxe8 27. Be3 Qe5 28. Qxe5 Rxe5 29. d6 Nf6 30. Bxa7 Rd5 31. a3 Ne4 32. Kc2 Rxd6 33. f3 Nf6 34. Nf5 Re6 35. Ne3 b5 36. b3 Ne5 37. bxc4 bxc4 38. Kc3 Ra6 39. Bc5 Nfd7 40. Bb4 Nb6 41. Rd6 Na4+ 42. Kd4 Nc6+ 43. Kxc4 Nxb4 44. Rd8+ Kh7 45. axb4 Kg6 46. b5 Ra7 47. Nd5 Kg5 48. g3 h5 49. Rd6 Nb2+ 50. Kc3 Rb7 51. Ne3 Nd1+ 52. Rxd1 Rxb5 53. Rd6 f6 54. Rd5+ Rxd5 55. Nxd5 h4 56. gxh4+ Kxh4 57. Kd4 Kg3 58. Ke3 f5 59. Ne7 f4+ 60. Ke4 g5 61. Nf5+ Kh3 62. Nh6 Kg3 63. Ng4 Kh3 64. Kf5 Kg3 65. Ne5 Kh4 66. Kg6 1-0

[Event "OLNO 2223 SC Weisse Dame - SC Rotation P"]
[Site "?"]
[Date "2023.02.26"]
[Round "6.2"]
[White "Waldmann, Hans-Joachim"]
[Black "Tomczak, Rafal"]
[Result "0-1"]
[WhiteElo "2289"]
[BlackElo "2300"]
[PlyCount "106"]
[EventDate "2023.??.??"]

1. d4 d5 2. Nf3 Nf6 3. e3 e6 4. Bd3 c5 5. c3 Nc6 6. a3 Qc7 7. b4 b6 8. b5 Na5 9. Ne5 Bd6 10. f4 Bb7 11. O-O c4 12. Bc2 h5 13. Nd2 Ne4 14. Bxe4 dxe4 15. Qc2 f5 16. a4 Bxe5 17. fxe5 O-O-O 18. Ba3 Bd5 19. Bb4 g5 20. Rfb1 Rh7 21. Rb2 Qb7 22. Bxa5 bxa5 23. b6 a6 24. Re1 h4 25. Qd1 Kb8 26. Qe2 Rc8 27. Rf1 Qc6 28. Qd1 Kb7 29. Rf2 Rf8 30. Qa1 Rff7 31. Qa3 f4 32. Nf1 Qd7 33. Qa1 Qe7 34. Qa2 Qf8 35. Qa1 Rf5 36. Qe1 Rhf7 37. Qd1 Qa3 38. Qc2 Qf8 39. Qd1 h3 40. gxh3 Rh7 41. Qe1 Rxh3 42. Rbe2 Qe8 43. Qc1 Qf8 44. Qe1 Rf7 45. Qb1 g4 46. Qe1 f3 47. Rb2 Qh6 48. Rfc2 g3 49. Nxg3 Rg7 50. Rg2 fxg2 51. Rxg2 Qh4 52. Qf2 Rxh2 53. Rxh2 Qxg3+ 0-1

[Event "OLNO 2223 SC Weisse Dame - SC Rotation P"]
[Site "?"]
[Date "2023.02.26"]
[Round "6.3"]
[White "Neumeier, Lars"]
[Black "Kyritz, Michael"]
[Result "1-0"]
[WhiteElo "2289"]
[BlackElo "2192"]
[PlyCount "41"]
[EventDate "2023.??.??"]

1. d4 Nf6 2. Nf3 d5 3. c4 c6 4. Nbd2 e6 5. e3 Nbd7 6. b3 Be7 7. Bd3 O-O 8. O-O dxc4 9. Nxc4 c5 10. e4 cxd4 11. e5 Nd5 12. Nxd4 Nc5 13. Bb2 Nxd3 14. Qxd3 Bd7 15. Rfd1 Rc8 16. Qg3 Qe8 17. Nf5 exf5 18. e6 f6 19. exd7 Qxd7 20. Qf3 Rfd8 21. Ne3 1-0

[Event "OLNO 2223 SC Weisse Dame - SC Rotation P"]
[Site "?"]
[Date "2023.02.26"]
[Round "6.4"]
[White "Gelman, Josef"]
[Black "Dauth, Benjamin"]
[Result "0-1"]
[WhiteElo "2085"]
[BlackElo "2219"]
[PlyCount "70"]
[EventDate "2023.??.??"]

1. d4 Nf6 2. Nf3 g6 3. c4 Bg7 4. Nc3 O-O 5. e4 d6 6. Be2 e5 7. O-O exd4 8. Nxd4 Nc6 9. Be3 Re8 10. f3 Nh5 11. f4 Nf6 12. Bf3 Bg4 13. Nxc6 Bxf3 14. Qxf3 bxc6 15. f5 Nd7 16. fxg6 fxg6 17. Qf7+ Kh8 18. Bg5 Qc8 19. Qf4 Qa6 20. Bh6 Bxh6 21. Qxh6 Qxc4 22. Rf3 Ne5 23. Rh3 Re7 24. Rf1 Rf7 25. Rxf7 Qxf7 26. Qc1 Rf8 27. Qe1 Qf4 28. Nd1 Qc1 29. Rc3 Qb1 30. Qe2 Rf4 31. Re3 Ng4 32. Rf3 Qxe4 33. Qf1 Qd4+ 34. Kh1 Rxf3 35. Qxf3 Qxd1+ 0-1